000 004700000a22001810004500
003 MACL
005 20150813153342.0
008 150813b xxu||||| |||| 00| 0 eng d
040 _aMACL
_cMACL
041 _aEnglish
082 _a400/KAP
100 _aKapoor, Kapil
_95223
245 _aLanguage Linguistics And Literature
_bThe Indian Perspective
260 _bAcademic Foundation
_c1994
_aNew Delhi
350 _a395
650 _aLanguage
_981
942 _cBK
_k400
_2ddc
999 _c3623
_d3623